| 000 | 00806nam a2200277Ia 4500 | ||
|---|---|---|---|
| 008 | 170203s9999 xx 000 0 und d | ||
| 020 | _a9780071260336 | ||
| 050 | _a618.92 | ||
| 050 | _b.R241r 2006 | ||
| 100 | _aRauch, Paula K. | ||
| 245 | _aRaising an emotionally healthy child when a parent is sick / | ||
| 245 | _cPaula K. Rauch and Anna C. Muriel | ||
| 260 | _aNew York : | ||
| 260 | _bMcGraw-Hill, | ||
| 260 | _cc2006. | ||
| 300 | _axxiii, 213 pages : | ||
| 300 | _b illustrations ; | ||
| 300 | _c23 cm. | ||
| 500 | _aIncludes bibliographical references (p. 203-206) and index. | ||
| 650 | _aChild rearing. | ||
| 650 | _aChildren of sick parents. | ||
| 650 | _aParents--Death-- | ||
| 650 | _aSick-- | ||
| 650 | _xFamily relationships. | ||
| 650 | _xPsychological aspects. | ||
| 999 |
_c305482 _d305482 |
||